Introducción al derecho mexicano. Historia del derecho mexicano.
Guardado en:
| Autor principal: | |
|---|---|
| Formato: | Libro |
| Publicado: |
México D.F., México:
Universidad Nacional Autónoma de México, Instituto de Investigaciones Jurídicas,
1981.
|
| Edición: | Primera edición. |
| Colección: | Serie A. Fuentes b) Textos y Estudios Legislativos
|
| Materias: | |
| Etiquetas: |
Agregar Etiqueta
Sin Etiquetas, Sea el primero en etiquetar este registro!
|
MARC
| LEADER | 00000nam a22000007a 4500 | ||
|---|---|---|---|
| 003 | CL-VaPUC | ||
| 005 | 20241007110833.0 | ||
| 008 | 220722t1981 ||||| |||| 00| 0 eng d | ||
| 999 | |c 437438 |d 437436 | ||
| 020 | |a 968-58-0177-0 (t.I) | ||
| 020 | |a 968-58-0167-3 (t.II) | ||
| 040 | |c Pontificia Universidad Católica de Valparaíso | ||
| 082 | 7 | |a 349.72 GON 1981 |2 22 | |
| 100 | 1 | |a González, María del Refugio |e autora |9 873691 | |
| 245 | |a Introducción al derecho mexicano. |b Historia del derecho mexicano. | ||
| 250 | |a Primera edición. | ||
| 260 | |a México D.F., México: |b Universidad Nacional Autónoma de México, Instituto de Investigaciones Jurídicas, |c 1981. | ||
| 300 | |a 2 Tomos. | ||
| 490 | |a Serie A. Fuentes b) Textos y Estudios Legislativos |n 26, 31. | ||
| 500 | |a c.1 Tomo I: Donación Familia Prof. Alejandro Guzmán Brito. c.1 Tomo II: Donación. Biblioteca de Derecho. Memo DER N° 042. 03-10-2024 | ||
| 505 | |a t. I: 1- Historia del derecho mexicano. 2- Derecho constitucional. 3- Derechos humanos. 4- Derecho administrativo. 5- Derecho fiscal. 6- Derecho penal. 7- Derecho internacional público. 8- Derecho internacional privado. 9- Derecho civil. t.II: 10- Derecho mercantil. 11- Derecho económico. 12- Derecho del trabajo. 13- Derecho de la seguridad social. 14- Derecho agrario. 15- Derecho procesal. 16- Derecho de la educación. 17- Derecho de la comunicación. 18- Derecho urbanístico. 19- Derecho del mar. 20- Bibliografía general. | ||
| 583 | |c 20220722 |k Catalogador Asistente | ||
| 650 | |a Derecho mexicano |x Historia |9 873723 |y Siglo 20 | ||
| 651 | |a México |x Derecho |x Historia |9 873724 |y Siglo 20 | ||
| 942 | |2 ddc |c BK |n 0 | ||
| 952 | |0 0 |1 0 |2 ddc |4 0 |6 349_720000000000000_GON_1981 |7 0 |8 C_AGB |9 585205 |a BIBDER |b BIBDER |d 2022-07-22 |e Donación |h t.I |i 5653295 |o 349.72 GON 1981 |p 5653295 |r 2023-01-25 |t 1 |w 2022-07-22 |y BK_US |k AGB | ||
| 952 | |0 0 |1 0 |2 ddc |4 0 |6 349_720000000000000_GON_1981 |7 0 |8 A |9 597227 |a BIBDER |b BIBDER |d 2024-10-07 |e Donación |h t.II |i 5662990 |o 349.72 GON 1981 |p 5662990 |r 2024-10-07 |t 1 |w 2024-10-07 |y BK |k DER | ||